| 000 | 00827nam a2200253 a 4500 | ||
|---|---|---|---|
| 001 | 000015232 | ||
| 003 | DO-SdBNP | ||
| 005 | 20260527124424.0 | ||
| 007 | ta | ||
| 008 | 100203s1999 dr 000 0 spa d | ||
| 020 | _a8493052949 | ||
| 040 |
_aDO-SdBNP _bspa _cBNPHU |
||
| 049 | _aBNPD | ||
| 082 | 4 |
_a972.93 _bG216c _222 |
|
| 100 | 1 |
_aGarcía, José Gabriel, _d1834 -1910 _926153 |
|
| 245 | 1 | 0 |
_aCoincidencias históricas y nuevas coincidencias históricas / _cJosé Gabriel García; prólogo José Chez Checo. |
| 250 | _a2a ed. | ||
| 260 |
_aSanto Domingo : _bLibrería La Trinitaria, _c1999. |
||
| 300 |
_a125 p. ; _c21 cm. |
||
| 500 | _aIncluye datos biográficos del autor en la contracubierta. | ||
| 651 | 4 |
_aRepública Dominicana _xHistoria _9170 |
|
| 700 | 1 |
_aChez Checo, José, _d1949- _910145 |
|
| 942 |
_2ddc _cLBS1 |
||
| 999 |
_c14801 _d14801 |
||